Schnelle Mathematik - Potenzrechnen Level 12 - Statistiken

Allgemein
  • Dieses Quiz wurde 68 mal gespielt
  • Das Durchschnittsergebnis liegt bei 26 aus 60
Antwortstatistiken
Zahl Ergebnis % Korrekt
1
71%
5⁰ 1
59%
7⁰ 1
59%
36
59%
7
59%
0
53%
1⁰ 1
53%
1
53%
3⁰ 1
53%
8⁰ 1
53%
9⁰ 1
53%
10⁰ 1
53%
2
53%
3
53%
5
53%
8
53%
81
53%
9
53%
0
47%
4⁰ 1
47%
3⁴ 81
47%
9
47%
2⁰ 1
41%
6⁰ 1
41%
10¹ 10
41%
10² 100
41%
10³ 1000
41%
2⁴ 16
41%
25
41%
2⁸ 256
41%
2⁸ 256
41%
27
41%
2⁵ 32
41%
4
41%
49
41%
2⁹ 512
41%
2⁶ 64
41%
64
41%
64
41%
729
41%
0
35%
1
35%
125
35%
2⁴ 16
35%
16
35%
216
35%
4⁴ 256
35%
343
35%
4
35%
512
35%
5⁴ 625
35%
3⁶ 729
35%
2⁷ 128
29%
2⁷ 128
29%
3⁵ 243
29%
2⁵ 32
29%
2⁹ 512
29%
6
29%
8
29%
2⁶ 64
24%
Keine übereinstimmenden Quizze gefunden
Verteilung der Resultate
Anzahl Personen mit jedem Resultat
Perzentil nach korrekt beantworteten Fragen
Ihre Resultats-Entwicklung
Sie haben dieses Quiz noch nicht gespielt